|
|
|
|
| LEADER |
00000nam0a2200000 4500 |
| 001 |
240205 |
| 005 |
20231101231727.0 |
| 035 |
|
|
|a (RuTPU)RU\TPU\book\261456
|
| 090 |
|
|
|a 240205
|
| 100 |
|
|
|a 20130619d1973 k y0rusy50 ca
|
| 101 |
0 |
|
|a rus
|
| 102 |
|
|
|a TM
|
| 105 |
|
|
|a a z 001zy
|
| 200 |
1 |
|
|a Гигиена труда при нефтебуровых и строительных работах в условиях жаркого климата
|f Б. Г. Багиров
|g Институт физиологии и экспериментальной патологии аридной зоны
|
| 210 |
|
|
|a Ашхабад
|c Ылым
|d 1973
|
| 215 |
|
|
|a 215 с.
|c ил.
|
| 320 |
|
|
|a Библиогр.: с. 200-214.
|
| 606 |
1 |
|
|a Гигиена
|2 stltpush
|3 (RuTPU)RU\TPU\subj\6441
|9 34323
|
| 610 |
1 |
|
|a строительные работы
|
| 610 |
1 |
|
|a нефтяники
|
| 610 |
1 |
|
|a жаркий климат
|
| 610 |
1 |
|
|a Средняя Азия
|
| 610 |
1 |
|
|a терморегуляция
|
| 610 |
1 |
|
|a водно-солевой баланс
|
| 610 |
1 |
|
|a гемодинамика
|
| 610 |
1 |
|
|a работоспособность
|
| 610 |
1 |
|
|a заболеваемость
|
| 675 |
|
|
|a 613.3
|v 3
|
| 700 |
|
1 |
|a Багиров
|b Б. Г.
|g Борис Гасанович
|
| 712 |
0 |
2 |
|a Институт физиологии и экспериментальной патологии аридной зоны
|2 stltpush
|3 (RuTPU)RU\TPU\col\18923
|9 27268
|
| 801 |
|
1 |
|a RU
|b 63413507
|c 20130619
|
| 801 |
|
2 |
|a RU
|b 63413507
|c 20130902
|g RCR
|
| 942 |
|
|
|c BK
|